000
00265nam a2200109Ia 4500
008
190914s9999||||xx |||||||||||||| ||und||
100
_a
Denis Hayes
245
0
_a
Earth day Guide to Planet Repair
260
_a
USA
_b
Island Press
_c
2002
300
_a
487
942
_c
BK
999
_c
9349
_d
9349